000
00298nam a22001337a 4500
020
_a
817573869-3
082
_a
920
_b
DUA/D
100
_a
DUA,SHYAM
245
_a
THE LUMINOUS LIFE OF DALAI LAMA
260
_a
DELHI
_b
TINY TOT PUBLICATIONS
300
_a
96
650
_a
BIOGRAPHY
_z
DELHI
942
_c
BK
999
_c
6118
_d
6118